000 00453nam a2200193Ia 4500
005 20240823021453.0
008 240823s9999||||xx |||||||||||||| ||und||
020 _a81-7554-323-X
041 _aENGLISH
082 _A658.456 P7
100 _a"Barker,Alan"
245 0 _aHow to Manage Meetings
250 _a1st
260 _c2007
_b"Kogan Page, New "
500 _aYES
650 _aMeeting
_bManagement Studies
942 _cBK
999 _c177092
_d177092